000 00456nam a2200181Ia 4500
001 13614
005 20260306164814.0
008 260306t2013||||xx |||||||||||||| ||spa||
041 _aESP
082 _a005.1
_bH93B
100 _aHumphrey, Watts S.
_eAUT
245 0 _aPSP:
_ba self-improvement process for software engineers
260 _c2013
300 _axx, 346 páginas :
_c24 cm.
650 _aGEN
654 _aCCC
942 _cLIB
_dJUS
_fJUS
_2ddc
_n
999 _c13614
_d13614